| 000 | 00597nam a22001817a 4500 | ||
|---|---|---|---|
| 999 |
_c60527 _d60527 |
||
| 003 | Ge_BSU | ||
| 005 | 20230811152140.0 | ||
| 008 | 230811s1933 enk||||| |||| 00| 0 eng d | ||
| 020 | _a0404145922 | ||
| 041 | _aeng | ||
| 080 | _a94(38) R-67 | ||
| 100 |
_aRobinson, Cyril Edward _919667 |
||
| 245 |
_aEveryday Life in Ancient Greece / _c Cyril Edward Robinson. |
||
| 264 |
_aOxford : _bAt the clarendon Press, _c1933. |
||
| 300 |
_a159 p.: _bill.; _c19 cm. |
||
| 653 | _aყოველდღიური ცხოვრება ძველ საბერძნეთში | ||
| 942 |
_2udc _cBK |
||